| 000 | 00729nab a2200253 a 4500 | ||
|---|---|---|---|
| 001 | 73684 | ||
| 003 | 148025 | ||
| 005 | 20201118111144.0 | ||
| 008 | ||||||n9999 ||| || || | ||
| 041 | _aeng | ||
| 100 | _aWantchekon, Leonard | ||
| 245 | 0 |
_aStrategic voting in conditions of political instability : _bthe 1994 elections in el Salvador |
|
| 260 |
_aEstados Unidos : _bSage Publications Inc., _c1999. |
||
| 300 | _app.810-835 | ||
| 562 | _e0 | ||
| 650 | _aANALISIS POLITICO | ||
| 650 | _aEL SALVADOR | ||
| 650 | _aELECCIONES | ||
| 650 | _aGUERRA CIVIL | ||
| 650 | _aPARTIDOS POLĂTICOS | ||
| 650 | _aPROCESO DE PAZ | ||
| 773 |
_072630 _aComparative Political Studies - Vol.32 No.7 (1999) |
||
| 942 | _cSART | ||
| 999 |
_c73684 _d73684 |
||